Estadísticas para Países que Limitan con Turquía

Haz click aquí para tomar la prueba!

Estadísticas generales

  • Esta prueba ha sido tomada 1,530 veces
  • La puntuación promedio es 7 de 8

Estadísticas de respuestas

Longitud País % Correcto
499 kmIrán
95%
311 kmIrak
95%
822 kmSiria
94%
252 kmGeorgia
94%
268 kmArmenia
92%
206 kmGrecia
92%
9 kmAzerbaiyán
87%
240 kmBulgaria
84%

Distribución de puntuación

Porcentaje por número respondido

Porcentaje de gente con cada puntuación

Historial de tus puntuaciones

No has tomado esta prueba